Top 5 Best NHL teams of the 2000's - Statistics

General Stats
  • This quiz has been taken 820 times
  • The average score is 3 of 5
Answer Stats
Wins Team % Correct
457 Detroit Red Wings
88%
415 New Jersey Devils
68%
398 Dallas Stars
50%
387 San Jose Sharks
39%
402 Ottawa Senators
31%
No matching quizzes found
Score Distribution
Percent of People with Each Score
Percentile by Number Answered
Your Score History
You have not taken this quiz